000 00534nam a2200229 a 4500
001 nice12345678
003 IN_TiNIC
005 20260116014227.0
008 080623s2004 dela grp 000 0 eng
020 _a8186706682
_c350
082 0 0 _a305.3
_bIVE
100 _aIvekovic, Rada
245 _aFrom Gender to Nation
260 _aDelhi
_bZubaan
_c2004
300 _a226p
500 _aincludes index and biblioraphy
505 2 _aindex
650 _aGender Roles
902 _bSRS
942 _cBK
999 _c14415
_d14415